Essentials of Physiology for Dental Students (Record no. 32249)
[ view plain ]
| 000 -LEADER | |
|---|---|
| fixed length control field | 00370nam a22001577a 4500 |
| 003 - CONTROL NUMBER IDENTIFIER | |
| control field | SGT |
| 020 ## - INTERNATIONAL STANDARD BOOK NUMBER | |
| International Standard Book Number | 9789350250761 |
| 082 ## - DEWEY DECIMAL CLASSIFICATION NUMBER | |
| Classification number | 612 |
| Item number | E11S |
| 100 ## - MAIN ENTRY--PERSONAL NAME | |
| Personal name | Sembulingam, K. |
| 245 ## - TITLE STATEMENT | |
| Title | Essentials of Physiology for Dental Students |
| 250 ## - EDITION STATEMENT | |
| Edition statement | 1st Ed. |
| 260 ## - PUBLICATION, DISTRIBUTION, ETC. (IMPRINT) | |
| Place of publication, distribution, etc | Delhi, India |
| Name of publisher, distributor, etc | Jaypee Publishers |
| Year of Publication | 2011 |
| 300 ## - PAGE DESCRIPTION | |
| No. of Pages | 696 |
| 650 ## - SUBJECT ADDED ENTRY--TOPICAL TERM | |
| Topical term or geographic name as entry element | Physiology |
| 942 ## - ADDED ENTRY ELEMENTS (KOHA) | |
| Source of classification or shelving scheme | Dewey Decimal Classification |
| Koha item type | Books |
| Withdrawn status | Lost status | Source of classification or shelving scheme | Damaged status | Not for loan | Home library | Current library | Shelving location | Date acquired | SGTU | Total Checkouts | Full call number | Accession No. (Barcode) | Date last seen | Bill Date | Koha item type | Date last borrowed |
|---|---|---|---|---|---|---|---|---|---|---|---|---|---|---|---|---|
| Dewey Decimal Classification | SGT Dental Library | SGT Dental Library | Text Book | 19/08/2025 | SGTU | 612 E11S | FD9718 | 19/08/2025 | 19/08/2025 | Books | ||||||
| Dewey Decimal Classification | SGT Dental Library | SGT Dental Library | Text Book | 19/08/2025 | SGTU | 1 | 612 E11S | FD9719 | 13/09/2025 | 19/08/2025 | Books | 12/09/2025 |